Statistiques concernant Culture Générale - Série 1156

Cliquez ici pour prendre le quiz!

Statistiques générales

  • Ce quiz a été pris 49 fois
  • Le résultat moyen est 6 sur 10

Statistiques - réponses

Question Réponse % Correct
Dans quelle ville française habitent les Caennais ?Caen
100%
Quelle capitale nomme-t-on Beijing en chinois ?Pékin
100%
La saga familiale, composée de vingt romans écrits par Émile Zola, est connue sous le titre générique des "Rougon-...Macquart
76%
Dans quelle ville du Pas-de-Calais le Louvre a-t-il ouvert une annexe, en 2012 ?Lens
70%
Quel château du val de Loire, surnommé le "Château des Dames", enjambe le Cher ?Chenonceau
57%
En 2009, le titre du 1er single de "Coeur de pirate" est : "Comme des...enfants
52%
Quel État des États-Unis a pour capitale Salem ?Oregon
35%
Quel opéra de Verdi, qui met en scène l'histoire de Violetta Valéry, s'inspire de "La Dame aux Camélias" ?La Traviata
30%
Le dessin animé japonais dans lequel on suit les aventures d'une jeune fille élevée comme un garçon, à la fin du XVIIIe siècle est : "Lady...Oscar
28%
Quel sigle désigne l'unité de sensibilité des pellicules photographiques, adoptée comme standard international à la place des échelles ASA et DIN ?ISO
28%

Distribution des résultats

Percentile par nombre de réponses

% des personnes avec chaque résultat

Votre développement - résultats

Vous n’avez pas pris ce quiz